00872 a2200229 4500003000500000005001700005010001700022020002800039040000900067082001400076100002000090245007300110250001200183260003500195300003400230440007200264650003300336700002200369856009300391856008500484856007300569Nust20220719183307.0 a 99052146  a0070592926 (alk. paper) cNust00a003.3,LAW1 aLaw, Averill M.10aSimulation modeling and analysis /cAverill M. Law, W. David Kelton. a3rd ed. aBoston :bMcGraw-Hill,cc2000. axxi, 760 p. :bill. ;c24 cm. 0aMcGraw-Hill series in industrial engineering and management science 0aDigital computer simulation.1 aKelton, W. David.423Contributor biographical informationuhttp://www.loc.gov/catdir/bios/mh041/99052146.html423Publisher descriptionuhttp://www.loc.gov/catdir/description/mh023/99052146.html423Table of contentsuhttp://www.loc.gov/catdir/toc/mh023/99052146.html